| 000 | 00466nam a22001697a 4500 | ||
|---|---|---|---|
| 999 |
_c20144 _d20144 |
||
| 005 | 20180323155122.0 | ||
| 008 | 180323b2000 ck ||||| |||| 00| 0 spa d | ||
| 040 |
_aCO-BoIAVH _cCO-BoIAVH |
||
| 041 | _aspa | ||
| 044 | _ack | ||
| 090 |
_aFG- _b0285 |
||
| 245 | 0 | 0 | _aAguas superficiales |
| 260 |
_aBogotá: _bCorporación Autónoma Regional de Cundinamarca CAR, _c2000. |
||
| 300 | _a43 páginas: | ||
| 490 |
_aCultura del Agua, _vMódulo 1 |
||
| 942 |
_2z _cFolleto |
||